000 00913nam a2200241 a 4500
001 000024045
005 20240412074251.0
008 110118s2010 dr c 000 p spa d
020 _a9789993446088
040 _aDO-SdBNP
_bspa
_cBNPHU
082 _aRD861.44
_bP592p
100 1 _aPichardo Saldaña, Leobaldo,
_d1894-1967
_949408
245 1 0 _aPoemas de dolor, amor y angustias /
_cLeobaldo Pichardo Saldaña ; prólogo Mario A. Penzo.
260 _aSanto Domingo :
_bBúho,
_c2010.
300 _a149 p. :
_bil., retrs. ;
_c24 cm.
500 _aIncluye datos biográficos del autor en la solapa de la cubierta.
590 _aInventariado, 2018/LP
600 1 4 _aPICHARDO SALDAÑA, LEOBALDO,
_d1894-1967
_xCRÍTICA E INTERPRETACIÓN
_949409
650 0 _aPoesía dominicana
_966
650 0 _aLiteratura dominicana.
_967
700 1 2 _aPenzo, Mario A.,
_epról.
_949410
910 _aValidado. Control de calidad MFF
999 _c23540
_d23540